| 000 | 02237nam0a22004211 4500 | ||
|---|---|---|---|
| 001 | RU\NLR\A1\3661 | ||
| 005 | 20251203152403.2 | ||
| 035 | _a(NLR Aleph) 009672697 | ||
| 090 |
_a9669116 _c9669116 |
||
| 100 | _a19970702d1788 m y0rusy50 ca | ||
| 101 | 1 |
_arus _cger |
|
| 102 | _aRU | ||
| 105 | _ay z 000hy | ||
| 135 | _acrcn 024anaba | ||
| 200 | 1 |
_aРечь на день тезоименитства ея императорскаго величества. _eноября 24 дня 1788 года. _fГоворенная в обыкновенном собрании Императорскаго Шляхетнаго сухопутнаго кадетскаго корпуса Ф.Г. Вирстом. _gС немецкаго перевел Иван Степанов |
|
| 210 |
_aСанктпетербург _d[1788] |
||
| 215 |
_a40 с. _d8° |
||
| 316 |
_aЭкз. РНБ (18.232.4.215) в бумажной обл. На 1-й и 2-й с. обл. ярлыки с шифром РНБ. На 3-й с. обл. штамп дезинфекции 1951 г. Размер 17,9х10,6х0,5 см. _5NLR: 18.232.4.215 |
||
| 321 | 1 | _aСК XVIII 999 | |
| 325 | _aКопия доступна в Электрон. б-ке РНБ | ||
| 620 | _dСанкт-Петербург | ||
| 700 | 1 |
_4070 _7ca _8rus _aВирст _bФ. Х. _f1762-1831 _gФёдор Христианович _9169185 _3RU\NLR\AUTH\770169235 |
|
| 702 | 1 |
_4730 _7ca _8rus _aСтепанов _bИ. П. _cпереводчик _fок.1765-1841 _gИван Петрович _9169187 _3RU\NLR\AUTH\770169237 |
|
| 801 | 0 |
_aRU _bNLR _c19970702 |
|
| 852 |
_aNLR _j18.232.4.215 |
||
| 856 | 0 | _uhttp://vivaldi.nlr.ru/bx000017140/view | |
| 856 | 1 | _uhttp://vivaldi.nlr.ru/bx000017140/cover | |
| 856 | 2 | _uhttp://vivaldi.nlr.ru/bx000017140/text | |
| 899 | _aБАН | ||
| 899 | _aГПИБ | ||
| 942 | _cBOOK | ||
| 980 | _aNB | ||
| 980 | _aA1XVIIIv | ||
| 981 | 2 | 0 |
_a(20) Книжные памятники РНБ _b(20) Русский книжный фонд |